Efektívnosť represívnych a preventívnych opatrení na výber dane bakalárska práca

Salvato in:
Dettagli Bibliografici
Autore principale: Plutzerová, Kristýna
Ente Autore: Národohospodárska fakulta EU. Katedra financií
Altri autori: Benko, Peter
Natura: Libro
Lingua:slovacco
Pubblicazione: Bratislava 2018
Tags: Aggiungi Tag
Nessun Tag, puoi essere il primo ad aggiungerne!!

MARC

LEADER 00000nbm a2200000 4500
001 0245908
005 20191204075848.7
041 0 |a slo 
044 |a SK 
245 1 0 |a Efektívnosť represívnych a preventívnych opatrení na výber dane  |b bakalárska práca  |c Kristýna Plutzerová ; školiteľ: Peter Benko 
264 1 |a Bratislava  |c 2018 
300 |a 65 s. 
100 1 |a Plutzerová, Kristýna 
700 1 |a Benko, Peter 
710 2 |a Národohospodárska fakulta EU. Katedra financií